000 nam a22 7a 4500
999 _c8056
_d8056
008 171125b xxu||||| |||| 00| 0 eng d
100 _aNarvekar.S.
_94505
245 _aPencil Shading
260 _aNavnv
_c2003